[Event "SVK Extraliga 2017-18"]
[Site "Slovakia"]
[Date "2017.12.09"]
[Round "5"]
[White "Hanko, Pavol"]
[Black "Banas, Kamil"]
[Result "0-1"]
[WhiteElo "2073"]
[BlackElo "2265"]
[Annotator "NA"]
[PlyCount "106"]
[EventDate "2017.??.??"]
[EventType "team-tourn"]
[EventCountry "SVK"]
[SourceTitle "playchess.com"]
[Source "ChessBase"]
[SourceQuality "1"]
[TimeControl "40/5400+30:1800+30"]

1. d4 {[%emt 0:00:00]} d5 {[%emt 0:00:06]} 2. Nf3 {[%emt 0:00:00]} e6 {[%emt 0:00:14]} 3. c4 {[%emt 0:00:44]} c6 {[%emt 0:00:08]} 4. e3 {[%emt 0:04:02]} f5 {[%emt 0:01:29]} 5. Nc3 {[%emt 0:01:33]} Nf6 {[%emt 0:00:23]} 6. Bd3 {[%emt 0:02:38]} Bd6 {[%emt 0:00:29]} 7. Ne5 {[%emt 0:02:00]} O-O {[%emt 0:01:20]} 8. O-O {[%emt 0:00:25]} Nbd7 {[%emt 0:02:09]} 9. f4 {[%emt 0:03:29] LiveBook: 14 Games} Ne4 {[%emt 0:02:29]} 10. Nxe4 {[%emt 0:03:28] A85: Dutch Defence: 2 c4 Nf6 3 Nc3} (10. Bd2 Nxe5 11. fxe5 Nxd2 12. Qxd2 Bxe5 13. cxd5 Bc7 14. dxc6 bxc6 15. Rac1 Kh8 16. Ne2 e5 17. Qc2 Qg5 {1-0 (37) Aronian,L (2803)-Ivanchuk,V (2731) Beijing 2013}) 10... dxe4 {[%emt 0:05:08]} 11. Be2 {[%emt 0:02:40]} Nf6 {[%emt 0:05:58]} 12. Bd2 $146 {[%emt 0:02:20]} ({Predecessor:} 12. b3 c5 13. Bb2 b6 14. Qd2 Qe7 15. Rfd1 Bb7 16. a3 Rfd8 17. Qc1 a5 {0-1 (38) Zsinka,L (2365)-Emodi,B (2375) Aggtelek 1998}) 12... Qc7 {[%emt 0:05:22]} 13. b4 {[%emt 0:02:31]} b6 {[%emt 0:01:58]} 14. a4 {[%emt 0:06:22]} c5 {[%emt 0:10:08]} 15. a5 {[%emt 0:04:02]} Bb7 {[%emt 0:04:43]} 16. Qb3 {[%emt 0:05:59]} Rfd8 {[%emt 0:07:35]} 17. bxc5 {[%emt 0:08:33]} Bxc5 {[%emt 0:03:23]} 18. Bc3 {[%emt 0:04:37]} Bd6 {[%emt 0:04:46]} 19. Rfb1 {[%emt 0:02:54]} Bxe5 {[%emt 0:02:52]} 20. fxe5 {[%emt 0:02:09]} Nd7 {[%emt 0:00:14]} 21. c5 {[%emt 0:05:13]} Bd5 {[%emt 0:02:01]} 22. Bc4 {[%emt 0:01:56]} Bxc4 {[%emt 0:03:47]} 23. Qxc4 {[%emt 0:00:09]} Qc6 {[%emt 0:00:41]} 24. Rd1 {[%emt 0:18:54]} b5 {[%emt 0:02:51]} 25. Qb3 $14 {[%emt 0:02:04]} Nb8 {[%emt 0:06:47]} 26. Ra2 {[%emt 0:02:12]} a6 {[%emt 0:01:37]} 27. h3 {[%emt 0:02:27]} Rd5 {[%emt 0:06:14]} 28. Rf1 {[%emt 0:01:29]} Nd7 {[%emt 0:01:56]} 29. Be1 {[%emt 0:00:59]} Nf8 {[%emt 0:03:41]} 30. g4 {[%emt 0:00:19]} fxg4 {[%emt 0:03:15]} 31. hxg4 {[%emt 0:00:11]} Ng6 {[%emt 0:00:23]} 32. Rh2 {[%emt 0:02:09]} Rd7 {[%emt 0:02:03]} 33. Qc2 {[%emt 0:00:36]} Rf8 {[%emt 0:02:32]} 34. Rxf8+ {[%emt 0:01:24]} Nxf8 {[%emt 0:00:08]} 35. g5 {[%emt 0:00:31]} Rf7 {[%emt 0:02:33]} 36. Rh4 {[%emt 0:01:19]} Rf5 {[%emt 0:01:22]} 37. Qxe4 {[%emt 0:01:39]} Rxg5+ {[%emt 0:00:17]} 38. Kf1 {[%emt 0:00:15]} Qe8 {[%emt 0:00:42]} 39. Rg4 {[%emt 0:01:12]} Rh5 {[%emt 0:03:38]} 40. c6 {[%emt 0:03:13]} Ng6 {[%emt 0:31:04]} 41. Rg2 {[%emt 0:05:45]} Ne7 {[%emt 0:00:00]} 42. Rc2 {[%emt 0:05:17]} Nd5 {[%emt 0:00:00]} 43. Bf2 {[%emt 0:08:13]} Nc7 {[%emt 0:00:00]} 44. Qg4 {[%emt 0:02:24]} Rf5 {[%emt 0:00:00]} 45. e4 {[%emt 0:00:26]} Rf7 {[%emt 0:00:00]} 46. Qd1 {[%emt 0:02:11]} Qd8 {[%emt 0:00:00]} 47. Rd2 {[%emt 0:00:49]} Qh4 {[%emt 0:00:00]} 48. Qc2 {[%emt 0:03:56]} Qh1+ {[%emt 0:00:00]} 49. Ke2 {[%emt 0:00:09]} Rf4 {[%emt 0:00:00]} 50. Qb3 {[%emt 0:04:56]} Rxe4+ {[%emt 0:00:00]} 51. Kd3 {[%emt 0:00:16]} Rf4 {[%emt 0:00:00]} 52. Be3 {[%emt 0:02:07]} Qe4+ {[%emt 0:00:00]} 53. Ke2 {[%emt 0:00:03]} Rg4 {[%emt 0:00:00]} 0-1

[Event "SVK Extraliga 2017-18"]
[Site "Slovakia"]
[Date "2017.12.10"]
[Round "6"]
[White "Gledura, Benjamin"]
[Black "Ponizil, Cyril"]
[Result "1/2-1/2"]
[WhiteElo "2613"]
[BlackElo "2477"]
[Annotator "TA"]
[PlyCount "99"]
[EventDate "2017.??.??"]
[EventType "team-tourn"]
[EventCountry "SVK"]
[SourceTitle "playchess.com"]
[Source "ChessBase"]
[SourceQuality "1"]

{[%evp 26,99,37,28,37,21,27,16,17,10,19,11,13,-14,0,-20,-20,-15,0,0,0,0,0,0,0,0,0,0,6,0,12,0,19,-35,16,17,9,26,41,33,59,49,71,14,20,0,60,62,97,97,86,18,28,34,32,8,8,0,4,0,5,7,26,26,26,26,27,26,26,26,26,26,36,0,8,0]} 1. Nf3 Nf6 2. c4 b6 3. g3 Bb7 4. Bg2 e6 5. O-O Be7 6. Nc3 Ne4 7. Nxe4 Bxe4 8. d3 Bb7 9. e4 c5 10. Re1 O-O 11. d4 cxd4 12. Nxd4 d6 13. b3 a6 14. a4 Qc7 {A17: English Opening: 1...Nf6 with ...Bb4} (14... Nd7 15. Ba3 Qc7 16. Ra2 Rfe8 17. Rd2 Rad8 18. Qc2 Qb8 19. Bb4 Ba8 20. a5 bxa5 21. Bxa5 Rc8 22. Qa2 {½-½ (70) Leko,P (2752)-Gashimov,V (2758) Moscow 2009}) 15. Ra2 $146 ({Predecessor:} 15. Ba3 Nd7 16. Ra2 Rac8 17. Rd2 Rfd8 18. Ne2 Nc5 19. Nf4 b5 20. axb5 axb5 21. b4 Na4 22. cxb5 {0-1 (66) Menezes,C (2409)-Nayhebaver,M (2440) Balatonszarszo 2017}) 15... Re8 16. Rd2 Nd7 17. Bb2 Bf8 18. Re3 Rad8 19. Qa1 Nc5 20. b4 Nd7 21. Rc2 {[%cal Bd2c2,Bc2c1,Bc1d1][%mdl 32]} Rc8 22. Nb3 Ba8 23. Rc1 a5 24. bxa5 bxa5 25. Nd4 Nb6 26. Nb5 Qd8 27. Rec3 Nd7 28. Rd1 Qb6 29. Rcd3 (29. Bc1 $11) 29... Nc5 (29... Rxc4 $15 30. Rxd6 Bxd6 31. Rxd6 Qb7 32. Bxg7 Rxe4) 30. Rxd6 $11 Qb8 31. Be5 $36 {[%mdl 2048] Strongly threatening Rxe6. White has some pressure.} f6 32. Bf4 {[#] aiming for Rxe6!} Bxd6 33. Nxd6 Qb3 $1 34. Nxe8 (34. Be3 $16 {Threatens to win with Bxc5.} Red8 35. Rb1 Qxa4 36. Qxa4 (36. Nxc8 Rxc8 37. Qxa4 Nxa4 $16) 36... Nxa4 37. Nxc8 Rxc8 38. f3) 34... Rxe8 35. Rb1 Qxc4 (35... Qd3 $1 $11) 36. Rc1 $14 Qxa4 37. Qxa4 Nxa4 {[#]} 38. Bd2 ({White should try} 38. Bf1 $1 $16) 38... Nb6 39. Bxa5 Rc8 40. Rd1 Nc4 41. Bb4 Ne5 42. f4 Nf7 43. Ra1 {next Bh3 is good for White.} Bc6 44. Rc1 Bb7 45. Rxc8+ Bxc8 46. Kf2 Bb7 47. Bh3 e5 48. Ke3 {Be7 is the strong threat.} g5 49. f5 h5 50. Bf1 {Precision: White = 39%, Black = 40%.} 1/2-1/2

[Event "SVK Extraliga 2017-18"]
[Site "Slovakia"]
[Date "2017.12.10"]
[Round "6"]
[White "Papp, Gabor"]
[Black "Aczel, Gergely"]
[Result "1-0"]
[WhiteElo "2602"]
[BlackElo "2549"]
[Annotator "TA"]
[PlyCount "77"]
[EventDate "2017.??.??"]
[EventType "team-tourn"]
[EventCountry "SVK"]
[SourceTitle "playchess.com"]
[Source "ChessBase"]
[SourceQuality "1"]

{[%evp 18,77,13,0,0,-22,-15,-39,-35,-41,-46,-37,-52,-61,0,0,-8,-8,-4,-2,0,0,0,0,0,0,19,27,23,29,37,36,66,69,63,75,57,67,61,82,52,69,244,89,224,193,227,242,223,192,575,577,795,795,924,924,879,879,29983,5402,5206,1602]} 1. e4 c5 2. Nf3 d6 3. d4 cxd4 4. Nxd4 Nf6 5. Nc3 a6 6. Be2 e5 7. Nb3 Be7 8. O-O O-O 9. Qd3 Qc7 {B92: Sicilian Najdorf: 6 Be2} (9... Be6 10. Bd2 Nbd7 11. Nd5 Bxd5 12. exd5 Nc5 13. Nxc5 dxc5 14. c4 Bd6 15. Qh3 e4 16. f4 exf3 17. Rxf3 Qd7 {½-½ (28) Nepomniachtchi,I (2751)-Karjakin,S (2773) Saint Louis 2017}) 10. Be3 {LiveBook: 4 Games} b5 11. Rad1 Nbd7 {The position is equal.} 12. Nd5 $146 ({Predecessor:} 12. Bg5 Bb7 13. Bg4 Nc5 14. Nxc5 dxc5 15. Bxf6 Bxf6 16. Qd7 Qxd7 17. Rxd7 Bc8 {0-1 (34) Schoettler,K (1597)-Donner,L (1376) Wolfsberg 2004}) 12... Nxd5 13. exd5 Nb6 14. Na5 Na4 15. Qd2 Nxb2 ({Black should try} 15... f5 $15 16. f4 e4) 16. Rb1 $36 {[%mdl 2048] White has some pressure.} Na4 {aiming for ...Nc3.} 17. c4 Bd7 18. Rfc1 {[%cal Rc4b5]} b4 19. Qxb4 Rfb8 20. Qd2 Nc5 21. Bf3 e4 22. Be2 Bf6 23. Nb3 Be5 24. g3 Nxb3 25. axb3 a5 26. c5 dxc5 27. Rxc5 Qd8 28. d6 Bf6 29. Rbc1 Be6 $2 (29... Rxb3 $14 30. Bc4 Rb4) 30. Bb5 $2 (30. Bc4 $18 {is the precise move to win.}) 30... Bxb3 (30... Rb6 $16) 31. Bc6 $18 Ra6 32. Bf4 ({Not} 32. Bxe4 Rxd6 33. Qxa5 Be6 $11) 32... Be6 33. Bxe4 {d7 is the strong threat.} Ra7 $2 (33... Rab6 {is a better chance.} 34. d7 (34. Qxa5 Bd4 $16) 34... Qxd7) 34. Rc7 Ra6 35. d7 Qf8 36. Rc8 Rxc8 37. Rxc8 Bd8 {[#]} 38. Bc7 (38. Bd6 $142 $1 {[%mdl 512]} Rxd6 {[#]} 39. Qxd6 $1 {[%mdl 512]} g5 40. Qb8 h6 41. Rxd8 Qxd8 42. Qxd8+ Kg7 43. Qe7) 38... Ra7 39. Rxd8 {Precision: White = 63%, Black = 46%.} 1-0

[Event "SVK Extraliga 2017-18"]
[Site "Slovakia"]
[Date "2017.12.10"]
[Round "6"]
[White "Miton, Kamil"]
[Black "Cvek, Robert"]
[Result "*"]
[WhiteElo "2596"]
[BlackElo "2504"]
[Annotator "TA"]
[PlyCount "33"]
[EventDate "2017.??.??"]
[EventType "team-tourn"]
[EventCountry "SVK"]
[SourceTitle "playchess.com"]
[Source "ChessBase"]
[SourceQuality "1"]

{[%evp 13,14,43,37]} 1. d4 Nf6 2. c4 g6 3. g3 Bg7 4. Bg2 d6 5. Nc3 O-O 6. Nf3 Nc6 7. O-O Bf5 {Predecessor:} 8. Bg5 $146 Ne4 9. Nxe4 Bxe4 10. d5 Na5 11. b3 c5 12. Rc1 Re8 13. Qd2 a6 14. Bh3 Bxf3 15. exf3 b5 16. Rfe1 bxc4 17. bxc4 {1-0 (62) Aronian,L (2785)-Fressinet,L (2672) Doha 2016} *

[Event "SVK Extraliga 2017-18"]
[Site "Slovakia"]
[Date "2017.12.10"]
[Round "6"]
[White "Vajda, Levente"]
[Black "Nagy, Gabor"]
[Result "1/2-1/2"]
[WhiteElo "2579"]
[BlackElo "2472"]
[Annotator "TA"]
[PlyCount "53"]
[EventDate "2017.??.??"]
[EventType "team-tourn"]
[EventCountry "SVK"]
[SourceTitle "playchess.com"]
[Source "ChessBase"]
[SourceQuality "1"]

{[%evp 21,53,-61,-54,-50,-54,-56,-37,-58,-45,-41,-48,-47,-58,-50,-53,-40,-25,-50,-8,-9,-13,-14,-12,-6,-5,-14,-11,-18,-27,-52,-64,-60,-59,-73]} 1. Nf3 c5 2. g3 Nc6 3. Bg2 e5 4. e4 g6 5. O-O Bg7 6. d3 Nge7 7. Nbd2 O-O 8. Nc4 d6 9. a4 h6 10. c3 Be6 11. Nfd2 Qd7 {LiveBook: 7 Games. A04: Unusual lines after 1 Nf3 and King's Indian Attack} 12. a5 (12. Rb1 Rad8 13. Re1 d5 14. exd5 Bxd5 15. Bf1 Be6 16. Qb3 b6 17. Qb5 Qc7 18. a5 Rb8 19. Ra1 {½-½ (28) Belezky,A (2463)-Hracek,Z (2606) Germany 2010}) 12... f5 13. f4 exf4 14. gxf4 Rad8 15. Qa4 $146 ({Predecessor:} 15. a6 b6 16. Na3 fxe4 17. dxe4 d5 18. exd5 Nxd5 19. Ndc4 {0-1 (33) Suleymanyants,O (2262)-Smirnov,A (2434) St Petersburg 2013}) 15... fxe4 16. dxe4 Bh3 {Hoping for ...Bxg2.} 17. Ne3 Bxg2 18. Nxg2 d5 19. Qb5 Rc8 20. exd5 Nxd5 21. Ne4 b6 22. axb6 axb6 23. Ng3 Rf7 24. Qd3 Nce7 25. Rd1 Qc6 26. Qe4 b5 27. Kh1 {Precision: White = 77%, Black = 86%.} 1/2-1/2

[Event "SVK Extraliga 2017-18"]
[Site "Slovakia"]
[Date "2017.12.10"]
[Round "6"]
[White "Krejci, Jan"]
[Black "Vovk, Jurij"]
[Result "1/2-1/2"]
[WhiteElo "2570"]
[BlackElo "2600"]
[Annotator "TA"]
[PlyCount "88"]
[EventDate "2017.??.??"]
[EventType "team-tourn"]
[EventCountry "SVK"]
[SourceTitle "playchess.com"]
[Source "ChessBase"]
[SourceQuality "1"]

{[%evp 21,88,8,25,7,8,15,13,12,14,10,11,14,16,0,34,32,32,24,45,28,31,25,30,37,41,17,24,22,41,6,15,0,0,0,0,0,124,124,124,126,134,135,127,130,128,124,156,164,265,258,308,295,255,275,465,411,476,400,378,184,163,164,163,0,0,0,0,0,0]} 1. d4 Nf6 2. c4 e6 3. Nc3 Bb4 4. e3 O-O 5. Bd3 d5 6. Nf3 b6 7. O-O Ba6 {E52: Nimzo-Indian: Rubinstein: 4...0-0 5 Nf3 d5 6 Bd3 b6} (7... c5 8. cxd5 exd5 9. Ne5 Bxc3 10. bxc3 Ba6 11. Bxa6 Nxa6 12. a4 Re8 13. Qd3 Nb8 14. Ba3 c4 15. Qf5 Qc7 16. f3 Nc6 17. Nxc6 Qxc6 18. Bc1 Re6 19. Ra2 Rae8 20. Qc2 {0-1 (66) Romanov,E (2626)-Cheparinov,I (2695) Mali Losinj 2017}) 8. cxd5 exd5 9. Bxa6 Nxa6 10. Bd2 Re8 11. Rc1 Bf8 {LiveBook: 5 Games} 12. Qa4 Qc8 13. Ne2 c5 14. dxc5 Nxc5 {[#]} 15. Qb5 $146 ({Predecessor:} 15. Qc2) 15... Qb7 {With the idea ...a6.} 16. Ned4 Rac8 17. Bb4 Nfe4 18. Bxc5 Bxc5 19. Rfd1 a6 20. Qd3 b5 21. Rc2 g6 22. Rdc1 Bb6 23. h3 Rc4 24. b3 Rcc8 25. a3 Bc5 26. b4 Bxd4 27. Nxd4 Rc4 28. Nb3 Qd7 (28... Rec8 $11) 29. Rxc4 $16 bxc4 {[#]} 30. Rxc4 $1 {[%mdl 512]} Qa4 (30... dxc4 31. Qxd7) 31. Rc7 Qxa3 32. Qxd5 Rf8 33. Rb7 Nc3 34. Qc4 Qb2 {[#]} (34... Ne4 {keeps fighting.} 35. Rd7 (35. Qxe4 Qxb3 36. Kh2 Qc3 $16) 35... Qb2 36. Qxe4 Qxb3) 35. Nc5 $1 $18 {[%cal Rc5d7]} Qd2 36. g3 ({Wrong is} 36. Qxa6 $2 Qd1+ 37. Kh2 Ne2 $19) 36... Qd1+ {[#]} 37. Kg2 $1 Ne2 $2 (37... Nb1 38. Ne4 Nd2 39. Nxd2 Qxd2) 38. Rd7 Qg1+ 39. Kf3 Nc1 40. Ne4 (40. h4 $142) 40... Qh1+ 41. Kf4 ({Not} 41. Kg4 Qxe4+ 42. Qxe4 f5+ 43. Qxf5 Rxf5 $17) 41... Qxh3 {[%csl Gg6][%cal Rh3f5]} 42. g4 $2 (42. Rd5 $18 Qc8 43. Nc5) 42... Qh2+ $11 {The position is equal.} 43. Kf3 Qh1+ 44. Kf4 Qh2+ {Precision: White = 67%, Black = 61%.} 1/2-1/2

[Event "SVK Extraliga 2017-18"]
[Site "Slovakia"]
[Date "2017.12.10"]
[Round "6"]
[White "Markos, Jan"]
[Black "Caletka, Radomir"]
[Result "1-0"]
[WhiteElo "2553"]
[BlackElo "2307"]
[Annotator "TA"]
[PlyCount "61"]
[EventDate "2017.??.??"]
[EventType "team-tourn"]
[EventCountry "SVK"]
[SourceTitle "playchess.com"]
[Source "ChessBase"]
[SourceQuality "1"]

{[%evp 21,61,38,34,-10,9,0,12,6,35,25,72,70,83,90,100,51,81,79,68,68,102,104,122,112,152,141,148,152,159,150,218,213,220,209,264,254,259,237,29972,29970,29993,225]} 1. Nf3 d5 2. g3 Bg4 3. Bg2 Nd7 4. h3 Bh5 5. c4 e6 {[%cal Be7e6,Be6d5][%mdl 32]} 6. cxd5 exd5 7. O-O Ngf6 8. d3 Be7 9. Nc3 c6 10. e4 {A11: English Opening: 1...c6} dxe4 (10... O-O 11. exd5 Nxd5 12. Nxd5 cxd5 13. Be3 Nc5 14. d4 Ne4 15. Qb3 Bxf3 16. Bxf3 Qd7 17. Bg2 Kh8 18. Rac1 Rac8 19. h4 f5 20. Rfd1 Bf6 {0-1 (54) Meier,G (2630)-Karjakin,S (2783) chess.com INT 2017}) 11. dxe4 O-O {LiveBook: 6 Games} 12. Be3 {White is slightly better.} Bc5 $146 ({Predecessor:} 12... Re8 13. Qc2 Bc5 14. Bf4 b5 15. Rfe1 Qb6 16. Rad1 Bg6 17. Nh4 Nf8 18. Nxg6 Nxg6 {1-0 (74) Prihodko,A (2256)-Ilyin,T Donetsk 2000}) 13. Re1 {[%cal Bf1e1,Be1e3,Be3d3][%mdl 32]} Bxe3 14. Rxe3 {Black should prevent g4.} Bxf3 15. Qxf3 Re8 16. Qe2 $1 Qa5 17. Rd1 Qc5 18. Kh2 Nb6 19. Red3 Qe7 20. f4 Rad8 21. e5 {Threatens to win with Rxd8.} Rxd3 22. Qxd3 Nfd7 23. Ne4 $1 Nf8 24. Nd6 Rb8 25. Qb3 Qe6 {[#]} (25... Qc7 $16 {was worth a try.} 26. Bf3 Qe7) 26. Qa3 $1 $18 a6 {[#]} 27. Qa5 $1 {[%cal Ra5b6]} Nbd7 28. Qc7 Qxa2 29. Nc8 Qxb2 $2 (29... g6 $18 30. Rd6 (30. Rxd7 Nxd7 31. Qxd7 Qe6 $16) 30... Qb3) 30. Rxd7 Nxd7 31. Qd8+ {Precision: White = 72%, Black = 20%.} 1-0

[Event "SVK Extraliga 2017-18"]
[Site "Slovakia"]
[Date "2017.12.10"]
[Round "6"]
[White "Vetoshko, Volodymyr"]
[Black "Leniart, Arkadiusz"]
[Result "*"]
[WhiteElo "2541"]
[BlackElo "2492"]
[Annotator "TA"]
[PlyCount "35"]
[EventDate "2017.??.??"]
[EventType "team-tourn"]
[EventCountry "SVK"]
[SourceTitle "playchess.com"]
[Source "ChessBase"]
[SourceQuality "1"]

{[%evp 20,22,53,55,62]} 1. e4 e6 2. d4 d5 3. Nd2 Nc6 4. Ngf3 Nf6 5. e5 Nd7 6. Be2 f6 7. exf6 Qxf6 8. Nf1 Bd6 9. Ne3 O-O 10. O-O Qf7 {C04: French Tarrasch: 3...Nc6} 11. c4 {LiveBook: 13 Games} Nf6 12. c5 Bf4 13. g3 Bh6 14. Ng2 Bxc1 15. Rxc1 Ne4 {[#]} 16. Qb3 $146 ({Predecessor:} 16. Nf4 Qf6 17. h4 Bd7 18. Bb5 {0-1 (37) Kulaots,K (2574)-Mu,K (2403) Al Ain 2015}) 16... g5 17. Qe3 Qg7 18. Ne5 {½-½ (74) Vetoshko,V (2534)-Leniart,A (2497) Slovakia 2017} *

[Event "SVK Extraliga 2017-18"]
[Site "Slovakia"]
[Date "2017.12.10"]
[Round "6"]
[White "Jakubiec, Artur"]
[Black "Rohacek, Miroslav"]
[Result "1-0"]
[WhiteElo "2512"]
[BlackElo "2259"]
[Annotator "TA"]
[PlyCount "79"]
[EventDate "2017.??.??"]
[EventType "team-tourn"]
[EventCountry "SVK"]
[SourceTitle "playchess.com"]
[Source "ChessBase"]
[SourceQuality "1"]

{[%evp 12,79,18,18,14,15,17,0,0,-24,0,0,0,-8,16,-33,-40,-43,-37,-30,58,-41,0,-80,41,-122,-122,-143,-119,-145,-117,-128,0,-20,0,-66,0,0,32,26,110,90,158,109,103,97,125,0,119,125,720,705,978,999,996,964,908,793,2782,12840,3728,4549,12841,12842,12842,12843,12842,12843,12842,12842]} 1. e4 c5 2. Ne2 d6 3. g3 Nf6 4. Bg2 g6 5. c3 Bg7 6. d4 O-O 7. O-O e5 {B06: Modern Defence} (7... Nbd7 8. h3 e5 9. dxc5 Nxc5 10. Bg5 Qb6 11. Bxf6 Bxf6 12. b3 Be6 13. c4 Bg7 14. Nbc3 f5 15. exf5 gxf5 {0-1 (34) Vallejo Pons,F (2706)-Popov,I (2632) Khanty-Mansiysk 2013}) 8. d5 b5 {[%cal Bb7b5,Bb5b4][%mdl 32]} 9. a4 $146 ({Predecessor:} 9. h3 Nbd7 10. a4 b4 11. Nd2 a5 12. b3 Nh5 13. c4 f5 14. Nf3 Qe7 15. Bg5 {0-1 (47) Enescu,C (2364)-Kloster,J (2359) ICCF email 2013}) 9... b4 {The position is equal.} 10. a5 Na6 11. Nd2 Rb8 12. Nc4 Nh5 13. f4 bxc3 $1 14. bxc3 exf4 15. gxf4 Bg4 (15... Nc7 $11) 16. Bd2 (16. e5 $14) 16... Qd7 17. Re1 (17. Rf2 $11) 17... Rfe8 (17... f5 $17 18. exf5 Bxf5) 18. Qc2 $2 {[#]} (18. Qa4 $14 {keeps the upper hand.}) 18... Nb4 $1 $17 {[%mdl 512]} 19. cxb4 {And now e5 would win.} Bxa1 20. bxc5 Bxe2 $1 (20... dxc5 $6 21. Nc3 $11) 21. Rxa1 dxc5 (21... Bxc4 $1 $17 22. Qxc4 Qg4) 22. Ne5 $11 Qb5 23. Qc1 (23. Re1 $11) 23... c4 (23... Rb7 $15) 24. Nc6 Bd3 25. e5 $1 ({Don't go for} 25. Nxb8 $2 Bxe4 26. Bxe4 Rxe4 $19) (25. Nxa7 Qd7 $17) 25... Qb2 (25... a6 $11) 26. Nxb8 $16 Rxb8 (26... Qxb8 $142 27. d6 a6) 27. d6 Qb5 {[#]} 28. a6 $1 g5 {[#]} 29. Be3 ({But not} 29. fxg5 Qxe5 30. Bc3 Qxd6 $11) (29. Kh1 $1 $16) 29... Qd7 (29... Nxf4 $11 {remains equal.} 30. Bxf4 gxf4 31. Qxf4 c3) 30. fxg5 {aiming for Qc3.} Rb5 $2 {[%mdl 8192]} (30... Qf5 $16 31. e6 (31. Bxa7 Nf4 $11) 31... fxe6) 31. Qc3 $18 {White is clearly winning.} Qg4 32. Qd4 Qxd4 33. Bxd4 Nf4 34. Bxa7 Rxe5 35. d7 Ne6 36. Bb6 Rxg5 37. a7 Be4 38. a8=Q+ Bxa8 39. Rxa8+ Kg7 40. Re8 {Precision: White = 52%, Black = 34%.} 1-0

[Event "SVK Extraliga 2017-18"]
[Site "Slovakia"]
[Date "2017.12.10"]
[Round "6"]
[White "Horvath, Csaba"]
[Black "Antal, Gergely"]
[Result "1/2-1/2"]
[WhiteElo "2507"]
[BlackElo "2523"]
[Annotator "TA"]
[PlyCount "83"]
[EventDate "2017.??.??"]
[EventType "team-tourn"]
[EventCountry "SVK"]
[SourceTitle "playchess.com"]
[Source "ChessBase"]
[SourceQuality "1"]

{[%evp 11,83,14,21,14,22,2,8,8,16,3,27,16,31,20,25,29,45,34,42,45,48,21,50,58,50,32,38,39,38,52,51,25,36,42,36,54,44,24,19,25,16,17,49,32,73,77,95,89,90,56,113,52,70,47,47,47,116,118,134,0,29,0,38,12,14,0,49,0,0,0,0,0,0,0]} 1. d4 d5 2. c4 dxc4 3. e3 e5 4. Bxc4 exd4 5. exd4 Bd6 6. Nc3 Nf6 7. Qe2+ {D20: Queen's Gambit Accepted: 3 e3 and 3 e4} (7. Nge2 O-O 8. Bg5 h6 9. Bh4 Nc6 10. f3 Be7 11. Bf2 Nb4 12. O-O c6 13. Ne4 Nbd5 14. Bb3 Kh8 {1-0 (54) Rakhmanov,A (2655)-Bezgodov,A (2493) Kolomna 2016}) 7... Qe7 8. Bg5 O-O 9. Qxe7 Bxe7 10. Nf3 Nbd7 11. O-O Nb6 12. Bb3 c6 $146 ({Predecessor:} 12... Bf5 13. Rfe1 Bd8 14. h3 c6 {½-½ (31) Van der Linde,M (2107)-Vedder,R (2286) Netherlands 2015}) 13. Rfe1 {[%cal Bf1e1,Be1e3,Be3e7][%mdl 32]} Bd6 14. Bxf6 gxf6 15. Ne4 Be7 16. Re3 Nd5 17. Bxd5 cxd5 18. Nc3 Be6 19. Nxd5 Bxd5 20. Rxe7 Rfe8 21. Rd7 Bc6 22. Rd6 Re6 23. Rxe6 fxe6 $14 {[%mdl 4096] Endgame KRB-KRN} 24. Rc1 Rd8 25. Kf1 Bxf3 26. gxf3 $11 {KR-KR} Rd7 27. Ke2 Kf7 28. Ke3 Ke7 29. h4 Kd6 30. Rg1 Kd5 (30... e5 $14) 31. Rg8 (31. f4 $16) 31... e5 $1 $14 32. dxe5 Kxe5 33. h5 f5 (33... Kf5 $14) 34. f4+ $16 Kf6 35. h6 (35. Ra8 $16) 35... a6 36. a3 Ke6 37. Rg5 Kf6 38. Rg8 Ke6 39. Kf3 Rd3+ {The position is equal.} 40. Kg2 {And now Rg7 would win.} Rb3 41. Rg7 Kf6 42. Rxh7 {Precision: White = 42%, Black = 46%.} 1/2-1/2

[Event "SVK Extraliga 2017-18"]
[Site "Slovakia"]
[Date "2017.12.10"]
[Round "6"]
[White "Stohl, Igor"]
[Black "Roubalik, Jakub"]
[Result "1-0"]
[WhiteElo "2504"]
[BlackElo "2396"]
[Annotator "TA"]
[PlyCount "71"]
[EventDate "2017.??.??"]
[EventType "team-tourn"]
[EventCountry "SVK"]
[SourceTitle "playchess.com"]
[Source "ChessBase"]
[SourceQuality "1"]

{[%evp 19,71,7,8,7,58,56,70,56,53,47,52,48,49,20,21,21,106,104,106,106,129,103,102,102,102,102,119,106,102,102,109,42,78,39,39,0,8,0,81,59,45,45,645,657,577,618,616,612,585,585,29992,29993,29993,29994]} 1. c4 e5 2. g3 Nc6 3. Bg2 Nf6 4. Nc3 Bb4 5. Nd5 Bc5 6. Nf3 d6 7. O-O {[%cal Bh1f1,Bf1f4,Bf4d4,Bd4d6][%mdl 32]} Nxd5 {A29: Englische Eröffnung (Vierspringer-Variante)} 8. cxd5 Nd4 9. Nxd4 Bxd4 10. e3 Bb6 {LiveBook: 10 Partien} 11. f4 exf4 $146 (11... O-O $11) ({Vorgänger:} 11... O-O 12. b3 f6 13. a4 a5 14. Bb2 Bd7 15. Kh1 {½-½ (32) Polugaevsky,L (2635)-Kortschnoj,V (2695) Buenos Aires 1980}) 12. Rxf4 $14 O-O 13. b3 Qg5 14. Bb2 Bd7 15. a4 a5 16. Bd4 Bxd4 17. Rxd4 c5 (17... Ra7 $11) 18. dxc6 $1 $16 Bxc6 19. Rc1 Rac8 20. Rxd6 {[%cal Rg2c6]} Bxg2 21. Rxc8 Rxc8 22. Kxg2 {[%mdl 4096] Endspiel KDT-KDT} Qe7 23. Qg4 Rd8 24. Rxd8+ Qxd8 {KD-KD} 25. d4 (25. Kf1 $16) 25... Qd5+ $14 26. e4 {[%cal Be3e4,Be4e5,Be5e6,Be6e7][%mdl 32] [#] Droht Matt per Dc8+.} (26. Kf2 $5 {[%cal Rg4c8]} g6 27. Qd1 $16) 26... Qc6 27. Qf3 {Weiss will Dd3 spielen.} (27. Qe2 {looks sharper.} Qc3 28. Qb5 g6 29. d5 Qd2+ 30. Kf1) 27... Qc2+ $1 28. Kh3 h6 (28... g6 $1 $11) 29. d5 $16 Qd2 30. e5 {[#] Und weiter mit e6 wäre nett.} Qd4 $2 {[%mdl 8192]} (30... Qe1 $14) 31. e6 $18 f6 32. e7 Kf7 33. Qe2 {[%cal Re7e8]} Ke8 34. Qe6 {Beabsichtigt d6 und Matt.} Qd3 {und die Idee ...Df1+ ließe Schwarz weiter hoffen.} 35. d6 Qf1+ 36. Kh4 {Precision: Weiß = 71%, Schwarz = 47%.} 1-0